Sacrae liturgiae praxis, juxta ritum romanum, in missae celebratione, officii recitatione et sacramentorum administratione servanda

Detalles Bibliográficos
Autor principal: HERDT, J. B. de
Formato: Libro
Publicado: Barcelona 1883
Edición:2a. ed.
Materias:
Colección:Banco de datos
Acervo:Biblioteca del Ex Convento de Nuestra Señora de Guadalupe. Zacatecas
Descripción Física:t. I
Tema general:Liturgia
Notas:Buena. IV,6,33(1196). Encuadernado en un solo volumen con el tomo II. Sin marca de fuego
LEADER 00857nam a22002170004500
035 |a 39125 
036 |a 309 
100 1 |a HERDT, J. B. de 
245 1 0 |a Sacrae liturgiae praxis, juxta ritum romanum, in missae celebratione, officii recitatione et sacramentorum administratione servanda 
250 |a 2a. ed. 
260 |a Barcelona  |b imp. Haeredis Pauli Riera  |c 1883 
300 |a t. I 
500 |a Buena. IV,6,33(1196). Encuadernado en un solo volumen con el tomo II. Sin marca de fuego 
650 1 0 |a Liturgia 
949 |a CRZ-CG 
959 |a Ex convento de Nuestra Señora de Guadalupe, Museo Regional de Zacatecas, Zacatecas  |b CCC4 
960 |a Convento de Nuestra Señora de Guadalupe, Zacatecas  |b DD87 
961 |a Franciscana  |b OF 
942 |c CRZ-CG 
943 |g Biblioteca del Ex Convento de Nuestra Señora de Guadalupe. Zacatecas 
999 |c 963252  |d 963252